000 01908cam a2200349 i 4500
001 ssj0000859728
003 EG-ScBUE
005 20241021094931.0
008 130130t2013 enka f b 001 0 eng d
020 _a9781447148197 (alk. paper)
020 _a1447148193 (alk. paper)
040 _aBTCTA
_beng
_erda
_cBTCTA
_dYDXCP
_dINT
_dGZQ
_dBWX
_dCDX
_dOHX
_dDLC
_dWaSeSS
_dEG-ScBUE
082 0 4 _a515.7
_bCLA
_222
100 1 _aClarke, Francis,
_d1948-
_eauthor.
_938524
245 1 0 _aFunctional analysis, calculus of variations and optimal control /
_cFrancis Clarke.
264 1 _aLondon :
_bSpringer-Verlag,
_c[2013]
264 4 _cc2013
300 _axiv, 591 pages :
_billustrations ;
_c24 cm.
336 _2rdacontent
_atext
_btxt
337 _aunmediated
_2rdamedia
_bn
338 _avolume
_bnc
_2rdacarrier
490 0 _aGraduate texts in mathematics ;
_v264
504 _aIncludes bibliographical references and index.
520 _a"Functional analysis owes much of its early impetus to problems that arise in the calculus of variations. In turn, the methods developed there have been applied to optimal control, an area that also requires new tools, such as nonsmooth analysis. This self-contained textbook gives a complete course on all these topics. It is written by a leading specialist who is also a noted expositor. This book provides a thorough introduction to functional analysis and includes many novel elements as well as the standard topics ... a short course on nonsmooth analysis and geometry completes the first half of the book whilst the second half concerns the calculus of variations and optimal control"--P. [4] of cover.
650 7 _aMathematical optimization.
_2BUEsh
650 7 _aFunctional analysis.
_2BUEsh
_96879
650 7 _93105
_aCalculus of variations
_2BUEsh
651 _2BUEsh
653 _bENGELC
_cOctober2015
655 _vReading book
_934232
942 _2ddc
_cBB
999 _c20939
_d20911